| 000 | 00410nam a22001577a 4500 | ||
|---|---|---|---|
| 003 | macl | ||
| 005 | 20170613130931.0 | ||
| 008 | 170613b xxu||||| |||| 00| 0 eng d | ||
| 040 | _cmacl | ||
| 082 | _a020/RAN | ||
| 100 |
_aEDI ,Ranganathan S.R. _967450 |
||
| 245 | _aSocial science Reseach And Libraries | ||
| 260 |
_aLondon _bAsia publishing house _c1892 |
||
| 650 |
_aLibrary science _957 |
||
| 942 |
_2ddc _cBK |
||
| 999 |
_c56525 _d56525 |
||